LEADER 03266nam 2200697Ia 450 001 9910455177503321 005 20200520144314.0 010 $a1-315-57276-1 010 $a1-317-16404-0 010 $a1-283-01862-4 010 $a9786613018625 010 $a0-7546-9191-8 035 $a(CKB)1000000000807372 035 $a(EBL)476268 035 $a(OCoLC)609852951 035 $a(SSID)ssj0000358064 035 $a(PQKBManifestationID)11248200 035 $a(PQKBTitleCode)TC0000358064 035 $a(PQKBWorkID)10378415 035 $a(PQKB)10865335 035 $a(MiAaPQ)EBC476268 035 $a(Au-PeEL)EBL476268 035 $a(CaPaEBR)ebr10350123 035 $a(CaONFJC)MIL301862 035 $a(EXLCZ)991000000000807372 100 $a20090709d2009 uy 0 101 0 $aeng 135 $aur|n|---||||| 181 $ctxt 182 $cc 183 $acr 200 00$aCommand and control$b[electronic resource] $ethe sociotechnical perspective /$fby Guy Walker ... [et al.] 210 $aFarnham, Surrey, England ;$aBurlington, VT $cAshgate$d2009 215 $a1 online resource (217 p.) 225 1 $aHuman factors in defence 300 $aDescription based upon print version of record. 311 $a0-7546-7265-4 320 $aIncludes bibliographical references and index. 327 $aCover; Contents; List of Figures; List of Tables; Acknowledgements; About the Authors; 1 Introduction; 2 Reconsidering the Network in NEC; 3 Some Effects of Certain Communications Patterns on Group Performance; 4 Complexity and Human Factors; 5 Dimensions of Live-NEC; 6 The Human in Complex Dynamic Systems; 7 Beyond NEC; 8 The Design of Everyday Networked Interoperable Things; 9 Conclusions; References and Bibliography; Index 330 $aMilitary command and control is not merely evolving, it is co-evolving. Technology is creating new opportunities for different types of command and control, and new types of command and control are creating new aspirations for technology. The question is how to manage this process, how to achieve a jointly optimised blend of socio and technical and create the kind of agility and self-synchronisation that modern forms of command and control promise. The answer put forward in this book is to re-visit sociotechnical systems theory. In doing so, the problems of 21st century command and control can 410 0$aHuman factors in defence. 606 $aCommand and control systems$xEffect of technology on 606 $aCommand and control systems$xTechnological innovations 606 $aCommand and control systems$xEvaluation 606 $aCommunications, Military 606 $aTechnology$xSocial aspects 608 $aElectronic books. 615 0$aCommand and control systems$xEffect of technology on. 615 0$aCommand and control systems$xTechnological innovations. 615 0$aCommand and control systems$xEvaluation. 615 0$aCommunications, Military. 615 0$aTechnology$xSocial aspects. 676 $a355.3/3041 701 $aWalker$b Guy$0950354 801 0$bMiAaPQ 801 1$bMiAaPQ 801 2$bMiAaPQ 906 $aBOOK 912 $a9910455177503321 996 $aCommand and control$92253582 997 $aUNINA LEADER 03666oam 2200745I 450 001 9910955425603321 005 20251117075722.0 010 $a0-429-91195-5 010 $a0-429-89772-3 010 $a0-429-47295-1 010 $a1-283-24879-4 010 $a9786613248794 010 $a1-84940-396-1 035 $a(CKB)2670000000113557 035 $a(EBL)765015 035 $a(OCoLC)748242073 035 $a(SSID)ssj0000535100 035 $a(PQKBManifestationID)12180939 035 $a(PQKBTitleCode)TC0000535100 035 $a(PQKBWorkID)10520164 035 $a(PQKB)10135130 035 $a(MiAaPQ)EBC765015 035 $a(Au-PeEL)EBL765015 035 $a(CaPaEBR)ebr10495780 035 $a(CaONFJC)MIL324879 035 $a(OCoLC)755643198 035 $a(OCoLC)52342159 035 $a(FINmELB)ELB140135 035 $a(EXLCZ)992670000000113557 100 $a20180611h20182003 uy 0 101 0 $aeng 135 $aur|n|---||||| 181 $ctxt$2rdacontent 182 $cc$2rdamedia 183 $acr$2rdacarrier 200 10$aClinical effectiveness in psychotherapy and mental health $estrategies and resources for the effective clinical governance /$fby Penny Leroux 205 $a1st ed. 210 $aLondon $cKarnac Books$d2003 210 1$aBoca Raton, Florida :$cRoutledge, an imprint of Taylor and Francis,$d[2018]. 210 4$dİ2003. 215 $a1 online resource (169 pages) 300 $aDescription based upon print version of record. 311 08$a0-367-32374-5 311 08$a1-85575-902-0 320 $aIncludes bibliographical references. 327 $apt. 1. Evolution of a quality agenda in mental health -- pt. 2. Clinical audit -- pt. 3. Outcome monitoring -- pt. 4. Evidence based practice -- pt. 5. Appendix. 330 3 $a'Clinical Effectiveness'; 'Clinical Governance'; 'Clinical Audit'; 'Clinical Guidelines': these are all vitally important to the UK government's quality agenda for the NHS; all are apparently about clinical practice and yet all lead to a fair amount of confusion for the average practitioner. Despite the often confusing wealth of literature on the subject, little, if any, refers specifically to psychological treatment services. In this volume the editors examine the state of clinical governance in the mental health sector. Despite the often confusing wealth of literature on the subject, little, if any, refers specifically to psychological treatment services. Clinical effectiveness in Psychotherapy and Mental Health provides a guide to learning about the different guidelines and evaluation methods. It focuses on three important contributions to clinnically effective practice: clinical audit, outcome monitoring and evidence based practice.'It is hoped that this book will be useful to clinicians of all disciplines, involved in providing psychological treatment services, by providing methodologies for reflecting on practice and improving quality.'- From the Foreword by the Editors. 606 $aMental health facilities$xAdministration 606 $aClinical competence 607 $aUnited Kingdom 607 $aGreat Britain$2fast 615 0$aMental health facilities$xAdministration. 615 0$aClinical competence. 676 $a362.2068 676 $a362.20941 700 $aLeroux$b Penny$01867785 701 $aMcPherson$b Susan$01867786 701 $aRichardson$b Phil$01120000 701 $aLeroux$b Penny$01867785 801 0$bFlBoTFG 801 1$bFlBoTFG 906 $aBOOK 912 $a9910955425603321 996 $aClinical effectiveness in psychotherapy and mental health$94475495 997 $aUNINA